000 00416nam a22001697a 4500
003 MPLRDC
005 20220104114721.0
008 210129b ||||| |||| 00| 0 eng d
082 _a521.16 ZXS
100 _a中学生丛书编委会
245 _a学会学习
_c
250 _a第一版
260 _a
_b马来西亚华校董事联合
_c1992
300 _b
650 _a学习方法
942 _cBK
_o521.16 ZXS
999 _c9674
_d9664